Guess who's singing _World by SEVENTEEN - Statistics

General Stats
  • This quiz has been taken 378 times
  • The average score is 21 of 26
Answer Stats
Group Lyrics Who's singing % Correct
[Verse 1]
Hey, akkabuteo neol bwasseo
Urin cheoeumijiman modeun jaemireul neukkil su isseo deo algo sipeo
S.Coups
98%
[Verse 1] Hey, utjiman malgo mariya (Yuh) Gabon jeogi eomneun gose neoreul deryeoga julge Mingyu
95%
[Chorus 1] Machi cheongugui déjà vu Jigeumbuteo nan neol manna interview DK
91%
[Verse 2] Knock, knock, knockin' on heaven's door
Whipped cream gureum sonkkeuteuro sseureo
Nae all star mite ditgo nara sunset
Neom ppareum? I'ma take it slow
Vernon
90%
[Pre-Chorus 1] Come with me
Put it on, put it on me
You got this
Put it on, put it on me
Wonwoo
90%
[Verse 2] Seulpeumi eomneun goseseo idaero chumeul chwo
Bakjae matchwo baksu
Neon yeongwoneul naege jwo gippeumui maseul deo
Yeongwone yeongwoneul deo, deo, deo, deo
S.Coups
88%
[Post-Chorus 1] Won't let you down Won't let you down Dino
87%
[Chorus 1] Nega wonhan modeun geol da jul suga isseo Neoui eoduun moseupkkajido Seungkwan
87%
[Pre-Chorus 1] Gyeolguk nae soneul jabeul geoya 'Cause I know that you've been dreaming Hoshi
85%
[Post-Chorus 1]
Naegero wa
In my, in my, in my new world
The8
83%
[Chorus 2] Machi cheongugui déjà vu Jigeumbuteo nan neol manna interview Woozi
82%
[Chorus 1] Come, come into my world Vernon
81%
[Pre-Chorus 2]
Gyeolguk nae soneul jabeul geoya
'Cause I know that you've been dreaming
Jeonghan
80%
[Pre-Chorus 2] Come with me
Put it on, put it on me
You got this
Put it on, put it on me
The8
80%
[Post-Chorus 2] Won't let you down Won't let you down Jun
79%
[Bridge] Trust in me, baby, I can see Joshua
78%
[Bridge] We got the heart, we got the soul Idaero uri mameul yeoreo Mingyu
77%
[Bridge] Neoege neon naege Saeroun miraereul yeoreojwo na soneul nochi aneulge Seungkwan
77%
[Chorus 2]
Nega wonhan modeun geol da jul suga isseo
Neoui eoduun moseupkkajido
Joshua
76%
[Post-Chorus 2] Naegero wa In my, in my, in my new world Dino
75%
[Chorus 3] Machi cheongugui déjà vu Jigeumbuteo nan neol manna interview Hoshi
74%
[Post-Chorus 3] Naegero waIn my, in my, in my new world Jun
72%
[Chorus 2] Come, come into my world Jeonghan
71%
[Chorus 3]
Nega wonhan modeun geol da jul suga isseo
Neoui eoduun moseupkkajido
DK
70%
[Post-Chorus 3] Won't let you down Won't let you down Woozi
65%
[Chorus 3] Come, come into my world Wonwoo
64%
No matching quizzes found
Score Distribution
Percent of People with Each Score
Percentile by Number Answered
Your Score History
You have not taken this quiz